Normal view MARC view
  • Noise barriers.

Entry Topical Term

Number of records used in: 3

001 - CONTROL NUMBER

  • control field: 21503

003 - CONTROL NUMBER IDENTIFIER

  • control field: NUST

005 - DATE AND TIME OF LATEST TRANSACTION

  • control field: 20190926110213.0

008 - FIXED-LENGTH DATA ELEMENTS

  • fixed length control field: 190926|| aca||aabn | a|a d

040 ## - CATALOGING SOURCE

  • Original cataloging agency: NUST
  • Transcribing agency: NUST

150 ## - HEADING--TOPICAL TERM

  • Topical term or geographic name entry element: Noise barriers.

670 ## - SOURCE DATA FOUND

  • Source citation: Work cat.: (NUST)0: Cohn, Louis F. (Louis Franklin), 1948- 21502, Highway Noise Barriers /, [1981]
© 2023 Central Library, National University of Sciences and Technology. All Rights Reserved.